000 00999nam0a22002891 4500
001 rc\3245359
005 20130115142542.5
021 _aRU
_b74-93380
021 _aRU
_bРг447-75
035 _a(NLR Aleph) 007377985
090 _a6477112
_c6477112
100 _a20130115d1974 |||y0rusy50 ca
101 0 _arus
102 _aRU
105 _ay z |||||
200 1 _aНестационарный турбулентный теплообмен в плоском канале при малых числах Прандтля
210 _aОбнинск
_cБ. и.
_d1974
215 _a16 с.
_cграф.
_d21
225 1 _aФизико-энергетический институт. [Препринт]
_vФЭИ-505
320 _aБиблиогр.: с. 10-11
700 1 _aХудаско
_bВ. В.
_gВикентий Владимирович
701 1 _aПирогов
_bЭ. П.
801 0 _aRU
_bNLR
_gpsbo
801 1 _aRU
_bELAR
_2rusmarc
852 _aNLR
_j74-4/27001
942 _cBOOK
980 _aNB